Score 0/15 Timer 05:00
0 Plays Today
Question Answer Wrong Answers
Life moves pretty fast. If you don't stop and look around once in a while... you could miss it.
93.7%
it'll be gone.
2.5%
it'll be too late.
1.6%
you'll be sorry.
1%
The place is like a museum. It's very beautiful and very cold... and you're not allowed to touch anything.
89.5%
and I always get kicked out.
1.4%
and it'll put you to sleep.
3.8%
and you learn something new every time you go.
3.3%
Four thousand restaurants in the downtown area... I pick the one my father goes to.
88%
I pick the one with a guy like this.
5.5%
I pick the one that serves toilet water.
3.1%
I pick the one with the leaky roof.
2.6%
They all adore him. They think he's... a righteous dude.
85.5%
an inglourious basterd.
3.2%
a bad daddy.
2.1%
a real head banger.
6.5%
The question isn't 'what are we going to do,' the question is... what aren't we going to do?
79.7%
how are we going to do it?
8.8%
why are we doing what we're doing?
1.8%
where are we going to go?
4.1%
Ferris Bueller... you're my hero.
78.6%
I think I love you.
9.4%
marry me.
4.2%
you saved my life.
4%
If you're not over here in fifteen minutes... you can find a new best friend.
77.4%
I'm telling your father.
4.9%
Sloan and I are going without you.
10.5%
then I'll trash the place.
1.7%
When you're bent over, moaning and wailing, you lick your palms. It's a little childish and stupid, but then... so is high school.
77%
so are my parents.
2.9%
so is Rooney.
2.9%
so is life.
12.3%
I can't come to the door right now. I'm afraid that in my weakened condition, I could take a nasty spill down the stairs... and subject myself to further school absences.
73.9%
and put myself in the hospital.
6%
and break my neck.
12.3%
and cause worry to my loved ones.
4.4%
Gummi bear? It's been in my pocket... They're real warm and soft.
72.7%
They're cherry flavor.
5.7%
They're all melted.
13.3%
They're sugar free.
4.1%
A, you can never go too far. B, If I'm gonna get busted... it is not gonna be by a guy like that.
66.5%
it is not gonna be in a dump like this.
9.7%
it is not gonna be on a day like this.
15.4%
it is not gonna be with people like these.
2.1%
You touch me, I yell... rat.
66.3%
snake.
15.6%
chicken.
9.1%
mutt.
2.8%
You're still here? It's over! Go home!
59.1%
The movie ended! Go home!
24.2%
I said 'the end!' Go home!
6.8%
Get out! Go home!
4.7%
You realize if we played by the rules right now... we'd be in gym?
56.6%
we'd be in math?
21.2%
we'd be in jail?
3.6%
we'd be in economics?
11.8%
You're not dying... you just can't think of anything good to do.
53.9%
you're just hungry.
5.3%
you're just bored.
28.6%
you just can't accept that you don't know what to do.
5.8%
Remove Ads.
Support Sporcle.
Get the best of Sporcle when you Go Orange. This ad-free experience offers more features, more stats, and more fun while also helping to support Sporcle. Thank you for becoming a member.

You're not logged in!

Compare scores with friends on all Sporcle quizzes.
OR
Log In

Sporcle TV

Today on Sporcle TV


Watch our educational content, quiz creation guides, and fun videos on Sporcle TV.

Show Comments

Extras

Top Quizzes Today


Score Distribution

Paid Content

Your Account Isn't Verified!

In order to create a playlist on Sporcle, you need to verify the email address you used during registration. Go to your Sporcle Settings to finish the process.

Report this User

Report this user for behavior that violates our Community Guidelines.

Details: